000 00846nam a2200229Ii 4500
003 JO-AjNU
005 20231203110335.0
008 230605s9999||||xx |||||||||||||| ||und||
040 _aJO-AjNU
_bara
_erda
_cJO-AjNU
041 _aara
050 _aHF5655
_aA7D4335
_a2010
100 1 _aالذنيبات، علي عبد القادر
_964592
_eمؤلف
245 _aتدقيق الحسابات في ضوء المعايير الدولية : نظرية وتطبيق /
_cعلي عبد القادر الذنيبات
250 _aالطبعة الثالثة
260 _aعمان :
_bدار وائل للنشر والتوزيع،
_c2010
300 _a493صفحة
336 _atext
_btxt
_2rdacontent
337 _aunmediated
_bn
_2rdamedia
338 _avolume
_bnc
_2rdacarrier
650 7 0 _aالحسابات- تدقيق
_964585
942 _2lcc
_cBK
999 _c33087
_d33087